000 00229 a2200085 4500
020 _a9781864707076
100 _a Scott Slaney
245 _aStormwater Management for Sustainable Urban Environments
260 _b Images Shenyang
_c 2017
999 _c13154
_d13154